Adolescencia y cultura en Samoa

Guardat en:
Dades bibliogràfiques
Autor principal: Mead, Margaret (autora)
Format: Llibre
Idioma:espanyol
Publicat: Buenos Aires Paidós 1973
Edició:4a. ed
Col·lecció:Biblioteca del Hombre Contemporáneo, 181
Matèries:
Etiquetes: Afegir etiqueta
Sense etiquetes, Sigues el primer a etiquetar aquest registre!

MARC

LEADER 00000nam a2200000 a 4500
001 UCR0429
003 CL-VaPUC
008 971205e19730000AG |||||||||||||||||spa|d
082 0 4 |a 306  |b MEA  |2 21 
100 |a Mead, Margaret  |e autora  |9 571242 
245 1 0 |a Adolescencia y cultura en Samoa 
250 |a 4a. ed 
300 |a 307 p 
942 |c BK 
945 |d 19971205 00:00:00  |a jquezada 
260 |a Buenos Aires  |b Paidós  |c 1973 
650 0 |a Antropología cultural   |9 269905 
650 0 |a Antropología de la educación   |9 265262 
650 0 |a Sistemas sociales  |9 308361 
650 7 |a ESTRUCTURA SOCIAL  |2 CL-VaPUC  |9 396050 
651 7 |a SAMOA  |2 CL-VaPUC  |9 396051 
583 |a last modification  |c 19971205 00:00:00  |k Rodrigo Vera 
490 0 |a Biblioteca del Hombre Contemporáneo, 181 
999 |c 263948  |d 263946 
952 |0 0  |1 0  |4 0  |6 306_000000000000000_MEA_1973  |7 0  |8 A  |9 293485  |a BIBENE  |b BIBENE  |d 2019-11-19  |i 3380459  |o 306 MEA 1973  |p 3380459  |r 2025-01-15  |w 2019-11-19  |y BK  |k ICO